000 00523nam a22001337a 4500
020 _a9789327218572
082 _a630.
_bKAL
245 _aFor UGC National Eligibility Test; Kalyani Guide To Agriculture Competitions
250 _a7 th re
260 _aNew delhi
_bKalyani Publishers
_c2012
500 _aICAR,JRF, SRF, NET, ARS, RAS BANKS AND OTHERS Separate Section For Questions Selected From Previous Papers With 37 Modules, based on Previous Papers
700 _aA Board of Experienced Teachers
_9638
942 _cBK
999 _c14395
_d14395